<?xml version="1.0" encoding="UTF-8"?>
<record
    xmlns:xsi="http://www.w3.org/2001/XMLSchema-instance"
    xsi:schemaLocation="http://www.loc.gov/MARC21/slim http://www.loc.gov/standards/marcxml/schema/MARC21slim.xsd"
    xmlns="http://www.loc.gov/MARC21/slim">

  <leader>00304nam a22001217a 4500</leader>
  <datafield tag="040" ind1=" " ind2=" ">
    <subfield code="c">SY</subfield>
  </datafield>
  <datafield tag="082" ind1=" " ind2=" ">
    <subfield code="a">178</subfield>
  </datafield>
  <datafield tag="100" ind1=" " ind2=" ">
    <subfield code="a">&#x17A2;&#x17CA;&#x17BA;&#x1798; &#x1788;&#x17BD;&#x1793;</subfield>
  </datafield>
  <datafield tag="245" ind1=" " ind2=" ">
    <subfield code="a">&#x178A;&#x17BE;&#x1798;&#x17D2;&#x1794;&#x17B8;&#x179B;&#x17BE;&#x1780;&#x178F;&#x17C6;&#x179B;&#x17C3;&#x1793;&#x17C3;&#x1780;&#x17B6;&#x179A;&#x179C;&#x17B7;&#x1797;&#x17B6;&#x1782;&#x178A;&#x17B8;</subfield>
  </datafield>
  <datafield tag="260" ind1=" " ind2=" ">
    <subfield code="a">RUA</subfield>
    <subfield code="b">&#x17A2;&#x17CA;&#x17BA;&#x1798;</subfield>
    <subfield code="c">1989</subfield>
  </datafield>
  <datafield tag="300" ind1=" " ind2=" ">
    <subfield code="a">186p.</subfield>
  </datafield>
  <datafield tag="942" ind1=" " ind2=" ">
    <subfield code="c">KB</subfield>
  </datafield>
  <datafield tag="999" ind1=" " ind2=" ">
    <subfield code="c">9354</subfield>
    <subfield code="d">9354</subfield>
  </datafield>
  <datafield tag="952" ind1=" " ind2=" ">
    <subfield code="0">0</subfield>
    <subfield code="1">0</subfield>
    <subfield code="4">0</subfield>
    <subfield code="6">178_000000000000000_&#x17A2;&#x17BA;&#x1798;_1989_C022_OR</subfield>
    <subfield code="7">0</subfield>
    <subfield code="9">51172</subfield>
    <subfield code="a">LBC</subfield>
    <subfield code="b">LBC</subfield>
    <subfield code="c">C022</subfield>
    <subfield code="d">2016-08-31</subfield>
    <subfield code="o">178 &#x17A2;&#x17CA;&#x17BA;&#x1798; 1989 C022 Or.</subfield>
    <subfield code="p">RUA045117</subfield>
    <subfield code="r">2016-09-27</subfield>
    <subfield code="y">KB</subfield>
  </datafield>
</record>
